000
00247nam a22001097a 4500
008
160510b xxu||||| |||| 00| 0 eng d
020
_a
0138144435
041
_a
eng
080
_a
577
245
_a
Biochemistry:
_c
Laurence A. Moran;
942
_2
udc
_c
BK
999
_c
1956
_d
1956